00428nam a2200121Ia 4500008004100000082001800041100002000059245005700079260005000136365000600186630005700192730005700249100415s9999 xx 000 0 und d b19722a584.15 aSIVAPRASAD P.S. aOrchids : the Jewels of Nilgiris: FOR REFERENCE ONLY aTAMIL NADUc2000bTAMILNADU FOREST DEPARTMENT b0 aOrchids : the Jewels of Nilgiris: FOR REFERENCE ONLY aOrchids : the Jewels of Nilgiris: FOR REFERENCE ONLY